La Situación estratégica de América Latinas. Estados Unidos y la Seguridad Regional /
Guardado en:
| Autores Corporativos: | , |
|---|---|
| Formato: | Texto |
| Publicado: |
Santiago:
CESOC
|
| Etiquetas: |
Agregar Etiqueta
Sin Etiquetas, Sea el primero en etiquetar este registro!
|
MARC
| LEADER | 00000 a a2200000 04500 | ||
|---|---|---|---|
| 001 | 25474 | ||
| 003 | |||
| 040 | |||
| 020 | |a 956-211-022-1 | ||
| 090 | |a 151706 | ||
| 110 | |a Centro Latinoamericano de Defensa y Desarme | ||
| 245 | |a La Situación estratégica de América Latinas. Estados Unidos y la Seguridad Regional / |c Centro Latinoamericano de Defensa y Desarme | ||
| 260 | |a Santiago: |b CESOC | ||
| 300 | |a 350 p | ||
| 710 | |a Progrma de Estudios Conjuntos de Relaciones Internacionales de América Latina | ||
| 999 | |c 168 |d 168 | ||
